<?xml version="1.0" encoding="UTF-8"?>
<record
    xmlns:xsi="http://www.w3.org/2001/XMLSchema-instance"
    xsi:schemaLocation="http://www.loc.gov/MARC21/slim http://www.loc.gov/standards/marcxml/schema/MARC21slim.xsd"
    xmlns="http://www.loc.gov/MARC21/slim">

  <leader>01002nam a22002655a 4500</leader>
  <datafield tag="999" ind1=" " ind2=" ">
    <subfield code="c">27430</subfield>
    <subfield code="d">27401</subfield>
  </datafield>
  <controlfield tag="003">EG-ScBUE</controlfield>
  <controlfield tag="005">20190505104857.0</controlfield>
  <controlfield tag="008">190505s2018    ua     fr     000 f ara d</controlfield>
  <datafield tag="017" ind1=" " ind2=" ">
    <subfield code="a">2014 / 9906</subfield>
  </datafield>
  <datafield tag="020" ind1=" " ind2=" ">
    <subfield code="a">9789774902840</subfield>
  </datafield>
  <datafield tag="040" ind1=" " ind2=" ">
    <subfield code="a">EG-ScBUE</subfield>
    <subfield code="b">ara</subfield>
    <subfield code="c">EG-ScBUE</subfield>
    <subfield code="d">EG-ScBUE</subfield>
  </datafield>
  <datafield tag="082" ind1="0" ind2="4">
    <subfield code="a">892.736</subfield>
    <subfield code="b">&#x632; &#x64A; &#x627;</subfield>
    <subfield code="2">22</subfield>
  </datafield>
  <datafield tag="100" ind1="1" ind2=" ">
    <subfield code="a">&#x632;&#x64A;&#x627;&#x62F;&#x629;&#x60C; &#x62D;&#x645;&#x648;&#x631;.</subfield>
  </datafield>
  <datafield tag="245" ind1="1" ind2="0">
    <subfield code="a">&#x634;&#x648;&#x642; &#x627;&#x644;&#x62F;&#x631;&#x648;&#x64A;&#x634; :</subfield>
    <subfield code="b">&#x631;&#x648;&#x627;&#x64A;&#x629; /</subfield>
    <subfield code="c">&#x62D;&#x645;&#x648;&#x631; &#x632;&#x64A;&#x627;&#x62F;&#x629;.</subfield>
  </datafield>
  <datafield tag="250" ind1=" " ind2=" ">
    <subfield code="a">&#x637;. 18.</subfield>
  </datafield>
  <datafield tag="260" ind1=" " ind2=" ">
    <subfield code="a">&#x627;&#x644;&#x642;&#x627;&#x647;&#x631;&#x629; :</subfield>
    <subfield code="b">&#x62F;&#x627;&#x631; &#x627;&#x644;&#x639;&#x64A;&#x646; &#x644;&#x644;&#x646;&#x634;&#x631;&#x60C;</subfield>
    <subfield code="c">2018.</subfield>
  </datafield>
  <datafield tag="300" ind1=" " ind2=" ">
    <subfield code="a">460 &#x635;. &#x61B;</subfield>
    <subfield code="c">20 &#x633;&#x645;.</subfield>
  </datafield>
  <datafield tag="500" ind1=" " ind2=" ">
    <subfield code="a">"&#x627;&#x644;&#x631;&#x648;&#x627;&#x64A;&#x629; &#x641;&#x627;&#x626;&#x632;&#x629; &#x628;&#x62C;&#x627;&#x626;&#x632;&#x629; &#x646;&#x62C;&#x64A;&#x628; &#x645;&#x62D;&#x641;&#x648;&#x638; &#x644;&#x644;&#x623;&#x62F;&#x628; &#x644;&#x639;&#x627;&#x645; 2014" -- &#x635;. &#x63A;.</subfield>
  </datafield>
  <datafield tag="500" ind1=" " ind2=" ">
    <subfield code="a">"&#x627;&#x644;&#x642;&#x627;&#x626;&#x645;&#x629; &#x627;&#x644;&#x642;&#x635;&#x64A;&#x631;&#x629; &#x644;&#x62C;&#x627;&#x626;&#x632;&#x629; &#x627;&#x644;&#x628;&#x648;&#x643;&#x631; &#x627;&#x644;&#x639;&#x631;&#x628;&#x64A;&#x629; 2015" -- &#x635;. &#x63A;.</subfield>
  </datafield>
  <datafield tag="500" ind1=" " ind2=" ">
    <subfield code="a">"&#x627;&#x644;&#x62C;&#x627;&#x626;&#x632;&#x629; &#x627;&#x644;&#x639;&#x627;&#x644;&#x645;&#x64A;&#x629; &#x644;&#x644;&#x631;&#x648;&#x627;&#x64A;&#x629; &#x627;&#x644;&#x639;&#x631;&#x628;&#x64A;&#x629;" -- &#x635;. &#x63A;.</subfield>
  </datafield>
  <datafield tag="650" ind1=" " ind2="7">
    <subfield code="a">&#x627;&#x644;&#x642;&#x635;&#x635; &#x627;&#x644;&#x639;&#x631;&#x628;&#x64A;&#x629;</subfield>
    <subfield code="y">&#x642;&#x631;&#x646; 21.</subfield>
    <subfield code="2">BUEsh</subfield>
  </datafield>
  <datafield tag="651" ind1=" " ind2=" ">
    <subfield code="2">BUEsh</subfield>
  </datafield>
  <datafield tag="653" ind1=" " ind2=" ">
    <subfield code="b">ARALIT</subfield>
    <subfield code="b">GGEN</subfield>
    <subfield code="c">May2019</subfield>
  </datafield>
  <datafield tag="942" ind1=" " ind2=" ">
    <subfield code="2">ddc</subfield>
  </datafield>
  <datafield tag="952" ind1=" " ind2=" ">
    <subfield code="0">0</subfield>
    <subfield code="1">0</subfield>
    <subfield code="2">ddc</subfield>
    <subfield code="4">0</subfield>
    <subfield code="7">0</subfield>
    <subfield code="8">Alahram</subfield>
    <subfield code="a">MAIN</subfield>
    <subfield code="b">MAIN</subfield>
    <subfield code="c">2ND</subfield>
    <subfield code="d">2019-05-05</subfield>
    <subfield code="e">Purchase</subfield>
    <subfield code="g">100.00</subfield>
    <subfield code="h">529</subfield>
    <subfield code="o">892.736 &#x632; &#x64A; &#x627;</subfield>
    <subfield code="p">000044633</subfield>
    <subfield code="r">2019-11-18 00:00:00</subfield>
    <subfield code="s">2019-10-10</subfield>
    <subfield code="v">125.00</subfield>
    <subfield code="y">BB</subfield>
  </datafield>
</record>
